000 00619nam a2200205Ia 4500
999 _c30065
_d30065
003 GCL
005 20240530102135.0
008 140319s9999 xx 000 0 ara d
040 _aGCL /
_cGCL
082 0 4 _a230
_bس ح
100 1 _aسميح عباس
245 1 0 _aالحكم والامثال النبوية من الاحاديث الصحيحة /
_cسميح عباس
260 _a[S.N] :
_bالدار المصرية اللبنانية ،
_c1994
300 _a335 ص
650 0 4 _aالاسلام
650 0 4 _aالحكم
650 0 4 _aالامثال
650 0 4 _aالحديث النبوى
942 _2ddc
_cBK